[Event "Graz op-B 19th"]
[Site "Graz"]
[Date "2012.08.28"]
[Round "4"]
[White "Koeberl, Christian"]
[Black "Heyde, Frank"]
[Result "0-1"]
[WhiteElo "1574"]
[BlackElo "1657"]
[PlyCount "104"]
[EventDate "2012.08.25"]
[EventType "swiss"]
[EventRounds "9"]
[EventCountry "AUT"]
[SourceTitle "CBM 150 Extra"]
[Source "ChessBase"]
[SourceDate "2012.10.19"]
[SourceVersion "1"]
[SourceVersionDate "2012.10.19"]
[SourceQuality "1"]

1. d4 d5 2. c4 c6 3. cxd5 cxd5 4. Nc3 Nf6 5. Bf4 a6 6. Nf3 Nc6 7. e3 Bf5 8. a3 e6 9. Bd3 Bxd3 10. Qxd3 g6 11. Ne5 Nxe5 12. Bxe5 Bg7 13. 0-0 0-0 14. Rfc1 Qd7 15. Rc2 Rfc8 16. Rac1 Ne8 17. Bxg7 Kxg7 18. Na4 Rxc2 19. Qxc2 Qb5 20. Qd1 Qa5 21. b4 Qd8 22. Qc2 Nd6 23. g3 Rc8 24. Qd1 Rc4 25. Nb2 Rxc1 26. Qxc1 Qc8 27. Qc5 Qc6 28. Qxc6 bxc6 29. Nd3 Nc4 30. a4 a5 31. bxa5 Nxa5 32. Nb4 Kf6 33. f4 Ke7 34. Kf2 Kd6 35. Nd3 Nb7 36. Ke2 c5 37. dxc5+ Nxc5 38. Nxc5 Kxc5 39. Kd3 f6 40. a5 e5 41. g4 g5 42. Ke2 Kb5 43. a6 Kxa6 44. h4 h6 45. hxg5 hxg5 46. fxe5 fxe5 47. Kd3 Kb5 48. Kc3 Kc5 49. Kd3 Kb4 50. Kc2 Kc4 51. Kd2 d4 52. exd4 Kxd4 0-1

[Event "Graz-chB"]
[Site "Graz"]
[Date "2012.01.28"]
[Round "7"]
[White "Heyde, Frank"]
[Black "Bruder, Peter"]
[Result "0-1"]
[WhiteElo "1522"]
[BlackElo "1774"]
[PlyCount "36"]
[EventDate "2012.01.13"]
[EventType "swiss"]
[EventRounds "7"]
[EventCountry "AUT"]
[SourceTitle "EXT 2013"]
[Source "ChessBase"]
[SourceDate "2012.11.22"]
[SourceVersion "1"]
[SourceVersionDate "2012.11.22"]
[SourceQuality "1"]

1. d4 Nf6 2. Bf4 g6 3. Nc3 Bg7 4. e4 d6 5. Qd2 0-0 6. 0-0-0 c6 7. f3 Qa5 8. Kb1 b5 9. Nd5 Qd8 10. Nxf6+ Bxf6 11. g4 Nd7 12. g5 Bg7 13. h4 c5 14. dxc5 Nxc5 15. e5 Ne6 16. exd6 Nxf4 17. Qxf4 Be6 18. dxe7 Qxd1+ 0-1